00655nam a22002297a 4500003000500000005001700005008004100022010001000063011001000073035001000083040000900093082001600102245004800118260005400166300001100220490002700231650004400258650002100302650005700323700001800380830002700398CHAP20220329133808.0971013c19791973 r 00010 d a11030 a12002 a13653 cCHAP04a301.37bB320 aProblemas del subdesarrollo latinoamericano aMéxico, D. F. :bNuestro tiempo,c1979 (c.1973) a195 p. aColección Desarrollo14aAmerica LatinaxCondiciones economicas.14aClases sociales.14aPaíses subdesarrolladosxCondiciones económicas.0 aBagu, Sergio.0 aColección Desarrollo